Türk borçlar Hukukunda zamanaşımı ve uygulaması : (Record no. 9151)
| 000 -BAŞLIK | |
|---|---|
| Sabit Uzunluktaki Kontrol Alanı | 01369nam a22003857a 4500 |
| 001 - KONTROL NUMARASI | |
| Control Dosyası | 0009179 |
| 003 - KONTROL NUMARASI KİMLİĞİ | |
| Kontrol Alanı | KOHA_MİRAKIL |
| 005 - EN SON İŞLEM TARİHİ ve ZAMANI | |
| Kontrol Alanı | 20260207001701.0 |
| 007 - FİZİKSEL TANIM SABİT ALAN - GENEL BİLGİ | |
| Sabit uzunluklu kontrol alanı | ta |
| 008 - SABİT UZUNLUKTAKİ VERİ ÖGELERİ - GENEL BİLGİ | |
| Sabit Alan | 091120b2008 tu |||gr||||#0|||0|tur | |
| 020 ## - ISBN - ULUSLARARASI STANDART KİTAP NUMARASI | |
| Isbn | 9789750207891 |
| Kullanılabilirlik koşulları | TL13,65 |
| 040 ## - KATALOGLAMA KAYNAĞI | |
| Özgün Kataloglama Kurumu | TR-BiSEU |
| Kataloglama Dili | tur |
| Çeviri Kurumu | TR-BiSEU |
| Açıklama Kuralları | rda |
| 041 0# - DİL KODU | |
| Metin ya da ses kaydının dil kodu | tur |
| 044 ## - YAYINLAYAN/ÜRETEN KURULUŞUN ÜLKE KODU | |
| ISO country code | tu |
| 050 ## - SINIFLAMA ve YER NUMARASI | |
| Sınıflama Numarası | KKX507 |
| Yer Numarası | .T88 2008 |
| 100 1# - KİŞİ ADI | |
| Yazar Adı (Kişi adı) | Tutumlu, Mehmet Akif. |
| 245 1# - ESER ADI BİLDİRİMİ | |
| Başlık | Türk borçlar Hukukunda zamanaşımı ve uygulaması : |
| Alt Eseradı vb. | kavram, durma ve kesilme nedenleri : |
| -- | (Borçlar Kanunu 125-140. maddelerine ilişkin içtihatlar ile)/ |
| Sorumluluk Bildirimi | Mehmet Akif Tutumlu ; Mehmet Akif Tutumlu. |
| 250 ## - BASIM BİLDİRİMİ | |
| Basım Bildirimi | 4. bs. |
| 264 #1 - ÜRERİM, YAYIN, DAĞITIM ve TELİF BİLDİRİMİ | |
| Yayın yeri | Ankara : |
| Yayınlayan | Seçkin Yayıncılık |
| Yayın tarihi | 2008 |
| 300 ## - FİZİKSEL TANIMLAMA | |
| Sayfa, Cilt vb. | 633 sayfa |
| 336 ## - İÇERİK TÜRÜ | |
| Content type term | metin |
| Content type code | txt |
| Source | rdacontent |
| 337 ## - MEDYA TÜRÜ | |
| Media type term | aracısız |
| Media type code | n |
| Source | rdamedia |
| 338 ## - TAŞIYICI TÜRÜ | |
| Carrier type term | cilt |
| Carrier type code | nc |
| Source | rdacarrier |
| 490 1# - DİZİ BİLDİRİMİ | |
| Dizi Bildirimi | Hukuk Kitapları Dizisi ; |
| Cilt Numarası | 618. |
| 500 ## - GENEL NOT | |
| Genel Not | Kaynakça ve dizin var. |
| 650 #0 - KONU BAŞLIĞI EK GİRİŞ - KONU TERİMİ | |
| Konusal terim veya coğrafi ad | Zamanaşımı--Türkiye. |
| 9 (RLIN) | 22889 |
| 650 #0 - KONU BAŞLIĞI EK GİRİŞ - KONU TERİMİ | |
| Konusal terim veya coğrafi ad | Limitation of actions--Turkey. |
| 9 (RLIN) | 22890 |
| 650 #0 - KONU BAŞLIĞI EK GİRİŞ - KONU TERİMİ | |
| Konusal terim veya coğrafi ad | Borçlar hukuku--Türkiye. |
| 9 (RLIN) | 7303 |
| 650 #0 - KONU BAŞLIĞI EK GİRİŞ - KONU TERİMİ | |
| Konusal terim veya coğrafi ad | Obligations (Law--Turkey. |
| 9 (RLIN) | 7302 |
| 650 #0 - KONU BAŞLIĞI EK GİRİŞ - KONU TERİMİ | |
| Konusal terim veya coğrafi ad | Dava zamanaşımı (Ceza hukuku)--Türkiye. |
| 9 (RLIN) | 22891 |
| 650 #0 - KONU BAŞLIĞI EK GİRİŞ - KONU TERİMİ | |
| Konusal terim veya coğrafi ad | Limitation of actions (Criminal Law--Turkey. |
| 9 (RLIN) | 22892 |
| 830 1# - SERİ EK GİRİŞİ - TEKBİÇİM ESER ADI | |
| Tekbiçim Başlık | Hukuk Kitapları Dizisi ; |
| Volume number/sequential designation | 618. |
| 9 (RLIN) | 22353 |
| 907 ## - LOCAL DATA ELEMENT G, LDG (RLIN) | |
| a | Okuma Kitabı |
| 942 ## - EK GİRİŞ ÖGELERİ (KOHA) | |
| Source of classification or shelving scheme | Library of Congress Classification |
| Koha item type | Book |
| Materyal Türü | Kalıcı Konum | Mevcut Konum | Raf Yeri | Sınıflandırma Kaynağı | Edinim Bilgisi | Ana Konular | Alt Konular | Yer Numarası | Demirbaş Numarası | Fatura Tarihi | Maliyet, Alış Fiyatı | Maliyet, Yenileme Fiyatı | Geri Çekilme Durumu | Kayıp Durumu | Hasarlı Durumu | Kredi için değil | Kayıt Tarih | Toplam Ödünçverme | Son Görülme Tarihi | Son Kontrol Tarihi |
|---|---|---|---|---|---|---|---|---|---|---|---|---|---|---|---|---|---|---|---|---|
| Book | Prof. Dr. Azmi Özcan Kütüphanesi | Prof. Dr. Azmi Özcan Kütüphanesi | Uluğbey Salonu | Library of Congress Classification | Satın | HUKUK | Türkiye Hukuku | KKX507 .T88 2008 | 0009179 | 20/11/2009 | 14.74 | 14.74 | 20/11/2009 | 1 | 05/12/2024 | 05/12/2024 |
